Tratamiento del método de impuesto diferido en estados contables reexpresados por la RT 6 (Registro nro. 12480)

Detalles MARC
000 -LEADER
fixed length control field 00390 a2200121 4500
001 - CONTROL NUMBER
control field ART_49444
005 - DATE AND TIME OF LATEST TRANSACTION
control field 20260410161631.0
008 - FIXED-LENGTH DATA ELEMENTS--GENERAL INFORMATION
fixed length control field 260409a
100 1# - MAIN ENTRY--PERSONAL NAME
Personal name Petti, Ana María
245 10 - TITLE STATEMENT
Title Tratamiento del método de impuesto diferido en estados contables reexpresados por la RT 6
700 1# - ADDED ENTRY--PERSONAL NAME
Personal name Lanza, Heraclio Juan
773 0# - HOST ITEM ENTRY
Title Enfoques
Related parts - N°7 (jul. 2019)
Record control number REV416

No hay ítems disponibles.